Quizzes
Events
Quiz Creation
Community
Videos
Private Events
Remove Ads
Sign In
Join for FREE
Feedback
Dark Mode
Quiz Categories
Sports
Geography
Music
Movies
Television
Just For Fun
Miscellaneous
History
Literature
Language
Science
Gaming
Entertainment
Religion
Holiday
For Kids
Quiz Lab
Recent
Popular Today
Quiz Kudos Today
Editor Picks
Curator Picks
Quizzes by...
Day
Popularity
Type
Ratings
Length
Year
Community
Subscriptions
Recent Discussions
Orange Saloon
Badges
Playlists
Quests
Create
Leaderboards
Showdown
Live 5
Trivia Bingo
Activity
Puzzle Library
Sporcle Events
Private Events
Virtual Trivia
Globe League
Become a Host
Pub Owners
SporcleCon
Opinionation
Our Games
Videos
Blog
Mobile Apps
Partnerships
Remove Ads and Go Orange
Feedback
Movies
Disney
Marvel Cinematic Universe
Movie Resume
Movie Titles
Oscar
Actor
Actress
Director
Pixar
Role
Movie Quotes
Movie Characters
Box Office
Nominee
Best Picture
Star Wars
James Bond
Horror Movies
Movies
Disney
Marvel Cinematic Universe
Movie Resume
Movie Titles
Oscar
Actor
Actress
Director
Pixar
Role
Movie Quotes
Movie Characters
Box Office
Nominee
Best Picture
Star Wars
James Bond
Horror Movies
Random Quiz
Search Sporcle
×
Quiz Lab
Quiz Lab
Movies
Uttered
Type in answers that appear in a list
Type in answers that appear in a list
Classic
Best Score? Go Orange.
Movie Line Trivia Stats
Can you name the movie and the character that uttered the line?
By
Moise
5m
20 Questions
98 Plays
98 Plays
98 Plays
Comments
Comments
Give Quiz Kudos
Give Quiz Kudos
-
- Ratings
hide this ad
More Info
Replay
Link that replays current quiz
Next Quiz
Link to next quiz in quiz playlist
You Got
0%
They Got
Avg Score
39%
Avg Friend Score
Upgrade to see
Score Distribution
Jump to the score distribution portion of the page
Score
0/20
Timer
05:00
0
Plays Today
Line & Character
Movie
% Correct
It rubs the lotion on it's skin or else it gets the hose again.
Silence of the Lambs
89.8%
Hi, Peter. What's happening? We need to talk about your TPS reports.
Office Space
72.4%
It rubs the lotion on it's skin or else it gets the hose again.
Buffalo Bill
70.4%
I tea-
bagged your drum set!
Step Brothers
67.3%
Napoleon, don't be jealous that I've been chatting online with babes all day.
Napoleon Dynamite
62.2%
It should flow out, like this -
'Look, man, I ain't fallin' for no banana in my tailpipe!'
Beverly Hills Cop
55.1%
It should flow out, like this -
'Look, man, I ain't fallin' for no banana in my tailpipe!'
Axel Foley
43.9%
Moisture is the essence of wetness and wetness is the essence of beauty.
Zoolander
38.8%
I used to be in a barbershop quartet in Skokie, Illinois. The baritone was this guy named Kip Diskin,
The Usual Suspects
35.7%
Napoleon, don't be jealous that I've been chatting online with babes all day.
Kip
34.7%
Line & Character
Movie
% Correct
I used to be in a barbershop quartet in Skokie, Illinois. The baritone was this guy named Kip Diskin,
Verbal
34.7%
Moisture is the essence of wetness and wetness is the essence of beauty.
Derek
32.7%
Some day very soon, Life's little Twinkie gauge is gonna go... empty.
Zombieland
30.6%
Theatricality and deception are powerful agents to the uninitiated... but we are initiated,
The Dark Knight Rises
30.6%
Theatricality and deception are powerful agents to the uninitiated... but we are initiated,
Bane
27.6%
I tea-
bagged your drum set!
Brennan
22.4%
Some day very soon, Life's little Twinkie gauge is gonna go... empty.
Tallahasse
20.4%
You have offended my family and you have offended the Shaolin Temple.
Enter The Dragon
5.1%
You have offended my family and you have offended the Shaolin Temple.
Lee
4.1%
Hi, Peter. What's happening? We need to talk about your TPS reports.
Dom Portwood
2%
Quiz Playlist
Details
Report
Send in Message
Add To Playlist
More Info:
Name the movie that the line came from and the character from the film that uttered the line.
Classic:
Type in answers that appear in a list
Last Updated: Feb 16, 2017
Quiz Scoreboard
CHALLENGE
Sign Up to Join the Scoreboard
Show All
Scores
Hide
Comments
May contain spoilers
Recently Published
Decade Duel: World Leaders
by jenniferyan
History
4m
Alphabetical 'K' Countries by Flag Minefield
by ylime102
Geography
3m
Pick 6: Fruits
by JohnFran
Miscellaneous
15s
More to Explore
Quiz From the Vault
Featured Blog Post
15 Basketball Trivia Facts You Can Be March Mad About
hide this ad
You Might Also Like...
Tags
Character
Uttered
Today's Top Quizzes in Movies
Browse Movies
hide this ad
Top Contributed Quizzes in Movies
1
Pick 6: Harry Potter
2
Pick 6: Movie Franchises
3
Pick 6: Actors
4
Pick 6: Actresses
5
Pick 6: Disney Princesses
6
Match The President To The Fictional Crisis
7
Movies of the Seasons
8
Seasonal Films
9
Movie Seasons
10
Harry Potter Logic Puzzle
Explore More
Trending Topics
Marvel
Anime
Crossword
Disney
Harry Potter
NBA
Kpop
NFL
WWE
The Office
Pokémon
Puzzle
Soccer
Song
Country
hide this ad
More By:
Moise
Quiz
Plays
Rating
Category
Featured
Created
Movies Bunker
2,233,111
3.69
Movies
Jun 6, 2011
NBA 30,000 Point Club
78,668
4.41
Sports
Dec 5, 2012
The 5 most valuable NBA franchises are...
25,310
1.38
Sports
Jan 25, 2013
NBA Starting 5 All - stats teams
12,451
3.91
Sports
Jan 2, 2014
10 most attacked/destroyed cities in Movie History.
9,502
2.47
Movies
Apr 11, 2011
Go to Creator's Profile
Score Distribution
Quiz Creator Spotlight
Moise
Follow
Send a Message
Quizzes Created
-
Created Quiz Play Count
-
More By This Creator
Popular Quizzes Today
1
Countries of Asia Without Outlines Minefield
2
Find the US States - No Outlines Minefield
3
Pick 6: Fruits
4
Alphabetical 'K' Countries by Flag Minefield
5
The Countries of the World
6
Find the Countries of Europe - No Outlines Minefield
7
Find the US States
8
US States
More Movies Quizzes
C-3PO Speaks in All 9 Movies
Curator's Pick
Trending Quizzes
Pick 6: Mountains
Pick 6: Harry Potter
Pick 6: Flags
Pick 6: NFL Teams
Pick 6: Movie Franchises
Recently Updated
Adaptations: Name the Title
pecheneg
NWSL Teams
pecheneg
Women's Final Four Teams by Year
bhenderson79
Presidents Quartet II
eogle
Anything But Clue(do)
eogle
Anything But Oceanian Capitals
eogle
Anything But 7
eogle
Anything But Thing
eogle
Word Ladder: February 29
pecheneg
Song Title Questions
pecheneg
Trending Topics
Harry Potter
Marvel
Disney
Anime
Kpop
NBA
Crossword
Song
Pokémon
Puzzle
Soccer
NFL
WWE
Country
The Office
Your Account Isn't Verified!
In order to create a playlist on Sporcle, you need to verify the email address you used during registration. Go to your
Sporcle Settings
to finish the process.
Report this User
Report this user for behavior that violates our
Community Guidelines
.
Details:
Send Report
Go to the Sporcle.com Mobile Site →
Comments